000 00687nam a2200229 4500
003 OSt
005 20260530113857.0
008 260505b nyua|||| |||| 00| 0 eng d
020 _a0140049711
040 _aICI
_bspa
_cICI
041 _aeng
050 _aT21
_bS35
100 1 _aSande, Theodore Anton
_eautor
_931878
245 1 0 _aIndustrial archeology:
_ba new look at the American Heritage
264 1 _aVermont, Estados Unidos
_bPenguin Books,
_c1978
300 _a152 páginas :
_bilustraciones
336 _atexto
_2rdacontent
337 _asin medio
_2rdamedia
338 _avolumen
_2rdacarrier
650 0 _aArqueología industrial
_zEstados Unidos
_931879
942 _2lcc
_cBK
_n1
999 _c11668
_d11668